QuizKnock【クイズで注文】答えが好物になるように問題文を選ぼう - Statistics

General Stats
  • This quiz has been taken 17 times
    13 since last reset
  • The average score is 99 of 261
Answer Stats
回答者 ヒント 答え % Correct
鶴崎 赤や黄色 ノニ
82%
カリウム ノニ
82%
伊沢 医者 センブリ
82%
須貝 溶岩 ノニ
82%
伊沢 育毛 センブリ
82%
伊沢 完熟 ノニ
82%
須貝 苦い チョコレート
82%
山本 センブリ
82%
ふくら コーヒー ノニ
82%
伊沢 辛い ノニ
82%
東問 ノニ
82%
東言 クック ノニ
82%
山本 ノニ
82%
高知県 センブリ
82%
山本 セーシェル ノニ
82%
東問 インド センブリ
82%
須貝 屏風 センブリ
82%
須貝 朝ドラ センブリ
82%
伊沢 くら ノニ
82%
東言 細長く センブリ
82%
山本 チーズ ノニ
82%
須貝 クリーム センブリ
82%
ふくら リンゴ ノニ
82%
伊沢 平成 ノニ
82%
東言 江戸 センブリ
82%
シーボルト センブリ
82%
須貝 イヌ センブリ
82%
東言 ハワイ チョコレート
82%
ふくら ノニ
82%
東言 乾燥 ノニ
82%
須貝 ノニ
82%
河村 ダム ノニ
82%
須貝 衣服 センブリ
82%
東言 1000 センブリ
82%
須貝 140 ノニ
82%
伊沢 新宿 ノニ
82%
東問 エッセイ センブリ
82%
東言 天然 ノニ
82%
伊沢 弱い センブリ
82%
東言 ノニ
82%
鶴崎 オーラ ノニ
82%
東問 当たり センブリ
82%
東言 スパイス ノニ
82%
ふくら アメリカ ノニ
82%
河村 センブリ
82%
伊沢 センブリ ノニ
82%
東言 幸せ ノニ
82%
山本 後醍醐天皇 センブリ
82%
ふくら クリーム ノニ
82%
須貝 レモン ノニ
82%
河村 10 センブリ
82%
東問 ジュー ノニ
82%
河村 日本三大 センブリ
82%
須貝 長野県 ノニ
82%
河村 古代 チョコレート
82%
東言 ノニ
82%
河村 アイス わさび
73%
鶴崎 給料
73%
東問 世界一 リンゴ
73%
山本 だるま わさび
73%
東言 歯磨き
73%
東問 ハロウィン リンゴ
73%
鶴崎 醤油 プリン
64%
東言 トマト
64%
東問 水戸黄門 キュウリ
64%
伊沢 ことわざ
64%
東問 メキシコ トマト
64%
東問 軍事 醤油
64%
東問 アニメ プリン
64%
伊沢 金色 トマト
64%
東言 ゴン タピオカミルクティー
55%
東言 呪術廻戦 おにぎり
55%
山本 パスタ マカロン
55%
須貝 声優 マカロン
55%
金子みすゞ
55%
ふくら 夫婦 カレー
55%
ふくら はちみつ マカロン
55%
伊沢 北海道 ジンギスカンキャラメル
45%
SPY×FAMILY ニンジン
45%
鶴崎 6月6日 梅干し
45%
東言 モン コーヒー
45%
伊沢 液晶 イカ
45%
山本 令和 うなぎ
45%
伊沢 創刊 いちご
45%
須貝 習得 うなぎ
45%
ふくら フランス いちご
45%
須貝
45%
ふくら 熟した 梅干し
45%
鶴崎 里山
45%
鶴崎 悪魔 コーヒー
45%
山本 オレンジ ゴーヤ
36%
山本 ちんすこう
36%
山本 アメリカ ブロッコリー
36%
東問 ままどおる
36%
東言 ポッキー
36%
鶴崎 赤い タバスコ
36%
伊沢 群馬県 タバスコ
36%
東言 あおい マシュマロ
36%
須貝 チョコミント
36%
ふくら チーズ タバスコ
36%
伊沢 戦国武将 セロリ
36%
東問 オランダ サンドイッチ
36%
須貝 アイヌ いくら
36%
東言 賭け事 サンドイッチ
36%
ふくら サクサク ショートケーキ
36%
伊沢 ケチャップ タバスコ
36%
伊沢 ミイラ セロリ
36%
山本 紙おむつ とうもろこし
36%
伊沢 スパイ レモン
36%
鶴崎 仙台 ショートケーキ
36%
山本 30 大根
36%
須貝 レモン
36%
東問 平安時代 ミント
36%
東問 漢方
36%
ふくら 黄金 シャウエッセン
27%
須貝 ハンガリー パプリカ
27%
ハチミツ バーモントカレー
27%
東問 台湾 パクチー
27%
東問 シナモン オールスパイス
27%
山本 ビタミン
27%
ふくら オリンピック 白い恋人
27%
東問 フランス マスタード
27%
東言 ドラマ 和牛
27%
山本 マリオ バナナ
27%
東言 長野 からし
27%
11月11日 たくあん
27%
須貝 インド シナモン
27%
下処理 大根おろし
27%
須貝 ブラジル アセロラ
27%
須貝 失敗 タルトタタン
27%
クロ スコーン
27%
ふくら ジャガイモ
27%
鶴崎 フランス ポテト
27%
鶴崎 マスタード アセロラ
27%
須貝 タバコ クエン酸
27%
ふくら 昭和 脱脂粉乳
27%
ふくら ロケ弁 ナス
27%
須貝 カニ マヨネーズ
27%
鶴崎 ダ・ヴィンチ
27%
東言 二宮尊徳 なすび
27%
須貝 徳川吉宗 さつまいも
27%
鶴崎 スイセン ニラ
27%
鶴崎 900000000 バナナ
27%
鶴崎 太陽 マンゴー
27%
須貝 サラダ 唐揚げ
27%
乾燥 サツマイモ
27%
伊沢 黄色 スイカ
27%
鶴崎 ハブ フランクフルト
27%
鶴崎 マンゴー
27%
須貝 ハワイ ハンバーグ
27%
ふくら トンガ スイカ
27%
東問 レオ マグロ
27%
東言 酸味 ナス
27%
東問 風呂 ネギ
27%
河村 バニラ ルートビア
18%
伊沢 子ども イナゴ
18%
東問 モン シュークリーム
18%
マシュマロ バーティ・ボッツの百味ビーンズ
18%
須貝 福島 コイ
18%
ふくら 占い ピノ
18%
ゆるキャラ すだち
18%
鶴崎 宇宙 キシリトール
18%
マーブル オリーブ
18%
ふくら 太陽 マカロニ
18%
伊沢 アライグマ ぎんなん
18%
鶴崎 グラタン パンの耳
18%
山本 クラゲ カニカマ
18%
伊沢 ドラマ ガムシロップ
18%
須貝 白雪姫 さきいか
18%
東問 悪魔 こんにゃく
18%
東言 夏目漱石 ジャム
18%
鶴崎 オリーブオイル ハーゲンダッツ
18%
ふくら クジラ おっとっと
18%
爪楊枝 目玉焼き
18%
伊沢 フランス ザワークラウト
18%
沖縄 エクレア
18%
鶴崎 九州 じゃがりこ
18%
須貝 片栗粉
18%
ふくら 室町 紅茶花伝
18%
乳酸菌 青汁
18%
東問 平泳ぎ コオロギ
18%
山本 戦国時代 黒豆
18%
ふくら 心臓 鏡餅
18%
伊沢 うちわ エビ
18%
東言 伊達巻
18%
山本 カクテル パイナップル
18%
東問 ニューヨーク 獺祭
18%
ふくら ギザギザ 八海山
18%
東問 シンガポール ガム
18%
山本 肥料 大トロ
18%
東言 ほうれん草
18%
須貝 大正 キャラメル
18%
東言 ひょうたん かぼちゃ
18%
高松 アリストテレス アロエ
18%
山本 ゴルフ 天ぷら
18%
山本 常温 粉チーズ
18%
須貝 瀬戸内 にがり
18%
伊沢 コーン アラザン
18%
東問 大麦 かぼちゃ
18%
河村 55 もっちゅりん
18%
山本 マグロ ねぎま
18%
ふくら 助手 ジャム
18%
東言 旅館 のりたま
18%
鶴崎 ゲーム バニラ
18%
河村 キャプテン ラム
18%
山本 100年 コーラ
18%
河村 ドラゴン 白くま
18%
ふくら つる うどん
18%
東言 れんこん オクラ
18%
伊沢 かっぱ キャラメル
18%
ふくら 随筆 かき氷
18%
山本 まる やきそば
18%
鶴崎 唐辛子
18%
山本 紅生姜
18%
東言 田中 銀杏
18%
伊沢 九州 かき氷
18%
ふくら 聖徳太子 柿渋
18%
東言 欧米 コーンポタージュ
18%
須貝 お茶
18%
東問 イヌ ビタミンC
18%
須貝 魔法 タマネギ
9%
鶴崎 UFO ズッキーニ
9%
ふくら 富士山 アポロ
9%
鶴崎 早稲田 ミョウガ
9%
山本 北海道 アメリカンドッグ
9%
ふくら 出世 クルマエビ
9%
鶴崎 福島県 数の子
9%
鶴崎 サラダ サラミ
9%
東言 エチオピア マルゲリータ
9%
鶴崎 オリンピック ブラックサンダー
9%
東言 たい焼き
9%
東問 室町 ようかん
9%
山本 夏目漱石 カステラ
9%
鶴崎 徳川家康 きな粉
9%
伊沢 シソ 柴漬け
9%
東言 サボテン ドラゴンフルーツ
9%
山本 栗饅頭
9%
東問 4 パウンドケーキ
9%
伊沢 本場 担々麺
9%
山本 キャンプ タコライス
9%
東言 2月 クレープ
9%
東言 和名 アスパラガス
9%
山本 カリウム ひじき
9%
伊沢 紀伊 さんま
9%
山本 青い富士山カレー
9%
鶴崎 豆腐
9%
鶴崎 みそきん
9%
伊沢 ぶどう 山椒
9%
山本 美味 ミルクティー
9%
伊沢 緑色 ハラペーニョ
0%
東問 ギネス マドレーヌ
0%
鶴崎 地球グミ
0%
伊沢 メロンパン
0%
ふくら 卵かけご飯
0%
東言 炭酸水
0%
須貝 喘息 杏仁豆腐
0%
山本 野球 カツカレー
0%
東問 横浜 エビマヨネーズ
0%
鶴崎 醤油 たこ焼き
0%
東問 オランダ ココア
0%
ふくら コカ・コーラ
0%
No matching quizzes found
Score Distribution
Percent of People with Each Score
Percentile by Number Answered
Your Score History
You have not taken this quiz since the last reset